000 00580nam a2200193Ia 4500
003 GCL
008 140319s9999 xx 000 0 ara d
040 _aGCL /
_cGCL
082 0 4 _a301.34
_bل ت
100 1 _aلى0 ج0 كارى
245 1 0 _aتدمير المجتمع كوسيلة /
_cلى0 ج0 كارى
260 _a[S.N] :
_bالدار العربية للعلوم ،
_c1990
300 _a204 ص
490 _a
650 0 4 _aالدراسات الاجتماعية
650 0 4 _aالبحوث الاجتماعية
650 0 4 _aتنمية المجتمع
942 _2ddc
_cBK
999 _c54660
_d54660